English for all Students of Engineering (Record no. 13283)

MARC details
000 -LEADER
fixed length control field 00425nam a22001817a 4500
003 - CONTROL NUMBER IDENTIFIER
control field OSt
008 - FIXED-LENGTH DATA ELEMENTS--GENERAL INFORMATION
fixed length control field 250411b |||||||| |||| 00| 0 eng d
020 ## - INTERNATIONAL STANDARD BOOK NUMBER
International Standard Book Number 9789358705843
082 ## - DEWEY DECIMAL CLASSIFICATION NUMBER
Classification number 425.007 BHE
100 ## - MAIN ENTRY--PERSONAL NAME
Personal name BHARDWAJ,AP
245 ## - TITLE STATEMENT
Title English for all Students of Engineering
250 ## - EDITION STATEMENT
Edition statement 1st Ed
260 ## - PUBLICATION, DISTRIBUTION, ETC. (IMPRINT)
Place of publication, distribution, etc New Delhi
Name of publisher, distributor, etc S.Chand
Date of publication, distribution, etc 2024
300 ## - PHYSICAL DESCRIPTION
Extent 431
650 ## - SUBJECT ADDED ENTRY--TOPICAL TERM
Topical term or geographic name as entry element English
700 ## - ADDED ENTRY--PERSONAL NAME
Personal name KHARE,Asha
942 ## - ADDED ENTRY ELEMENTS (KOHA)
Source of classification or shelving scheme Dewey Decimal Classification
Koha item type Text Books
Holdings
Withdrawn status Lost status Source of classification or shelving scheme Damaged status Not for loan Collection code Home library Current library Date acquired Source of acquisition Currency Cost, normal purchase price Bill Number Total Checkouts Full call number Acc. no. / Barcode Date last seen Actual Cost, discounted price Bill Date Koha item type Date last borrowed
    Dewey Decimal Classification     Applied Sc. PIET C-LIBRARY PIET C-LIBRARY 04/04/2025 Zaffa Books INR 399.00 ZBD0009   425.007 BHE 39019 11/04/2025 279.30 04/04/2025 Reference Books  
    Dewey Decimal Classification     Applied Sc. PIET C-LIBRARY PIET C-LIBRARY 04/04/2025 Zaffa Books INR 399.00 ZBD0009   425.007 BHE 39020 11/04/2025 279.30 04/04/2025 Text Books  
    Dewey Decimal Classification     Applied Sc. PIET C-LIBRARY PIET C-LIBRARY 04/04/2025 Zaffa Books INR 399.00 ZBD0009   425.007 BHE 39021 11/04/2025 279.30 04/04/2025 Text Books  
    Dewey Decimal Classification     Applied Sc. PIET C-LIBRARY PIET C-LIBRARY 04/04/2025 Zaffa Books INR 399.00 ZBD0009   425.007 BHE 39022 11/04/2025 279.30 04/04/2025 Text Books  
    Dewey Decimal Classification     Applied Sc. PIET C-LIBRARY PIET C-LIBRARY 04/04/2025 Zaffa Books INR 399.00 ZBD0009 1 425.007 BHE 39023 22/01/2026 279.30 04/04/2025 Text Books 15/01/2026
    Dewey Decimal Classification     Applied Sc. PIET C-LIBRARY PIET C-LIBRARY 04/04/2025 Zaffa Books INR 399.00 ZBD0009   425.007 BHE 39024 11/04/2025 279.30 04/04/2025 Text Books  
    Dewey Decimal Classification     Applied Sc. PIET C-LIBRARY PIET C-LIBRARY 04/04/2025 Zaffa Books INR 399.00 ZBD0009   425.007 BHE 39025 11/04/2025 279.30 04/04/2025 Text Books  
    Dewey Decimal Classification     Applied Sc. PIET C-LIBRARY PIET C-LIBRARY 04/04/2025 Zaffa Books INR 399.00 ZBD0009   425.007 BHE 39026 11/04/2025 279.30 04/04/2025 Text Books  
    Dewey Decimal Classification     Applied Sc. PIET C-LIBRARY PIET C-LIBRARY 04/04/2025 Zaffa Books INR 399.00 ZBD0009   425.007 BHE 39027 11/04/2025 279.30 04/04/2025 Text Books  
    Dewey Decimal Classification     Applied Sc. PIET C-LIBRARY PIET C-LIBRARY 04/04/2025 Zaffa Books INR 399.00 ZBD0009 1 425.007 BHE 39028 03/06/2025 279.30 04/04/2025 Text Books 30/05/2025

Design & Developed by: PIET Central Library
R70 Miles Stone Pattikalyana Samalkha Panipat 132102
mail ID :- [email protected], Phone No:- 0180-2569700 Ex.216